Environmentalizmus ako politická filozofia pre 21. storočie

Hrozby, krízy a riziká globálnej civilizácie. Environmentalizmus ako smer politickej filozofie.

Salvato in:
Dettagli Bibliografici
Autore principale: Sťahel, Richard
Natura: Capitolo di libro
Lingua:slovacco
Soggetti:
Tags: Aggiungi Tag
Nessun Tag, puoi essere il primo ad aggiungerne!!

MARC

LEADER 00000naa a2200000 4500
001 0240903
005 20180306105936.0
041 0 |a slo 
044 |a SK 
245 1 0 |a Environmentalizmus ako politická filozofia pre 21. storočie  |c Richard Sťahel 
520 |a Hrozby, krízy a riziká globálnej civilizácie. Environmentalizmus ako smer politickej filozofie. 
610 2 0 |a environmentalistika 
610 2 0 |a filozofia 
610 2 0 |a politika 
610 2 0 |a vláda 
610 2 0 |a vývoj spoločenský 
610 2 0 |a vývoj politický 
610 2 0 |a práva ľudské 
100 1 |a Sťahel, Richard